| 000 | 00711nam a22002057a 4500 | ||
|---|---|---|---|
| 999 |
_c13337 _d13337 |
||
| 003 | AR-CdUCM | ||
| 008 | 190415b ||||| |||| 00| 0 spa d | ||
| 040 |
_aMUNICIPALIDAD PROVINCIAL DEL CUSCO _cBIBLIOTECA MUNICIPAL DEL CUSCO |
||
| 082 |
_aC / 380.14 / _bK19 |
||
| 100 |
_aKaminsky _931706 |
||
| 245 | _aGuía comercial profesional e industrial / | ||
| 260 |
_aCuzco : _bKaminsky y cia, _c1928. |
||
| 300 |
_a201 páginas ; _c21 cm. |
||
| 505 | _aContenido: Agencias de aduana -- Agencia de trasportes -- Agencia de negocios -- Alojamientos -- Bancos ... | ||
| 650 |
_aGuía comercial _931707 |
||
| 650 |
_aIndustrial _911684 |
||
| 650 |
_aComercio _9322 |
||
| 942 |
_2ddc _cLIBROS |
||
| 945 |
_aacv _d2019-04-15 |
||